| 000 | 00941cam a22002651i 4500 | ||
|---|---|---|---|
| 001 | gs 59000174 | ||
| 003 | DLC | ||
| 005 | 20260227111408.0 | ||
| 008 | 780317s1959 dcuabd b f000 0 eng | ||
| 010 | _ags 59000174 | ||
| 035 | _a(OCoLC)3727007 | ||
| 040 |
_aDLC _cOClU _dOCoLC _dISS _dOCoLC _dDLC |
||
| 050 | 0 | 0 |
_aQE75 _b.P9 no. 296 |
| 082 | _a557.868 | ||
| 086 | 0 | _aI 19.16:296 | |
| 100 | 1 |
_aRoss, Clyde P. _q(Clyde Polhemus), _d1891- |
|
| 245 | 1 | 0 | _aGeology of Glacier National Park and the Flathead region, northwestern Montana. |
| 260 |
_aWashington : _bU.S. Govt. Print. Off., _c1959. |
||
| 300 |
_aiv, 125 p. : _bill., maps (part col.) diagrs., tables. ; _c30 cm. |
||
| 410 | 2 | 0 |
_aGeological Survey (U.S.). _tProfessional paper ; _v296 |
| 500 | _aThree colored maps and colored diagr. in pocket. | ||
| 504 | _aBibliography : p. 118-121. | ||
| 651 | 0 | _aGlacier National Park (Mont.) | |
| 650 | 0 |
_aGeology _zMontana _zFlathead region |
|
| 999 |
_c29346 _d29346 |
||